[Event "Sao Paulo op-A U2300 8th"]
[Site "Sao Paulo"]
[Date "2019.10.19"]
[Round "3"]
[White "De Souza Haro, Paulo Cezar"]
[Black "Moyses Sobrinho, Elias"]
[Result "0-1"]
[WhiteElo "2147"]
[BlackElo "1901"]
[PlyCount "78"]
[EventDate "2019.10.17"]
[EventType "swiss"]
[EventRounds "6"]
[EventCountry "BRA"]
[SourceTitle "CBM 192 Extra"]
[Source "Chessbase"]
[SourceDate "2019.11.06"]
[SourceVersion "1"]
[SourceVersionDate "2019.11.06"]
[SourceQuality "1"]

1. d4 d5 2. Bf4 Nf6 3. e3 Bf5 4. Bd3 Bxd3 5. Qxd3 c6 6. Nd2 e6 7. Ngf3 Nbd7 8. h3 h6 9. Bh2 Qa5 10. 0-0 Be7 11. c3 0-0 12. a4 c5 13. b3 Rac8 14. Rfc1 cxd4 15. exd4 Qb6 16. a5 Qc6 17. c4 Bb4 18. Ra4 Bxd2 19. Nxd2 Qa6 20. Qb1 dxc4 21. Nxc4 Qb5 22. Rd1 Qd5 23. Ne3 Qe4 24. Qa1 Nd5 25. Nc4 Qc2 26. Nd6 Nc3 27. Nxc8 Rxc8 28. Re1 Nxa4 29. Qxa4 Nf6 30. Bg3 Ne4 31. Qd7 Nxg3 32. fxg3 Qc7 33. Qxc7 Rxc7 34. Re5 a6 35. Re3 Rd7 36. Rd3 Rd5 37. b4 e5 38. Kf2 exd4 39. Kf3 f5 0-1

[Event "Recife Arraes Memorial 7th"]
[Site "Recife"]
[Date "2014.08.30"]
[Round "3"]
[White "De Souza Haro, Paulo Cezar"]
[Black "Alves Campelo, Danilo Cesar De"]
[Result "1-0"]
[WhiteElo "2161"]
[BlackElo "1958"]
[PlyCount "57"]
[EventDate "2014.08.29"]
[EventType "swiss"]
[EventRounds "6"]
[EventCountry "BRA"]
[SourceTitle "EXT 2015"]
[Source "ChessBase"]
[SourceDate "2014.11.20"]
[SourceVersion "1"]
[SourceVersionDate "2014.11.20"]
[SourceQuality "1"]

1. d4 Nf6 2. Nf3 g6 3. Nbd2 d5 4. c3 Bg7 5. g3 0-0 6. Bg2 Nc6 7. 0-0 e5 8. dxe5 Ng4 9. Nb3 Be6 10. Ng5 Ngxe5 11. Nxe6 fxe6 12. Nc5 Qe7 13. Nxe6 Rf5 14. Nxg7 Kxg7 15. e4 dxe4 16. Bxe4 Rd8 17. Qe2 Rf7 18. Be3 Rdf8 19. Rae1 Qd7 20. f4 Ng4 21. Bxc6 bxc6 22. Bxa7 Nh6 23. Bd4+ Kg8 24. Qe5 Rf6 25. Qg5 Rf5 26. Re7 Rxg5 27. Rxd7 Rd5 28. Rg7+ Kh8 29. Rxc7+ 1-0

[Event "Recife Arraes Memorial 7th"]
[Site "Recife"]
[Date "2014.08.29"]
[Round "1"]
[White "De Souza Haro, Paulo Cezar"]
[Black "Da Silva, Antonio Dutra"]
[Result "1-0"]
[WhiteElo "2161"]
[BlackElo "1756"]
[PlyCount "59"]
[EventDate "2014.08.29"]
[EventType "swiss"]
[EventRounds "6"]
[EventCountry "BRA"]
[SourceTitle "EXT 2015"]
[Source "ChessBase"]
[SourceDate "2014.11.20"]
[SourceVersion "1"]
[SourceVersionDate "2014.11.20"]
[SourceQuality "1"]

1. d4 Nf6 2. Nf3 g6 3. Nbd2 Bg7 4. e4 0-0 5. e5 Ne8 6. Bc4 d6 7. 0-0 Nc6 8. Re1 Bg4 9. h3 Bxf3 10. Nxf3 dxe5 11. d5 Nd4 12. Nxe5 Nf5 13. Bf4 Nfd6 14. Bb3 f6 15. Nf3 g5 16. Bh2 Kh8 17. Nd4 Qd7 18. c4 a6 19. c5 Nb5 20. Ne6 Rg8 21. a4 Na7 22. Qg4 Bf8 23. Rad1 Ng7 24. Nxc7 Qxg4 25. hxg4 Rc8 26. d6 exd6 27. cxd6 Nc6 28. Bxg8 Kxg8 29. d7 Rd8 30. Ne8 1-0

[Event "ESP-ch Seniors 11th"]
[Site "Alicante"]
[Date "2013.10.??"]
[Round "6.8"]
[White "De Souza Haro, Paulo Cezar"]
[Black "Mayer Schwartz, Rene"]
[Result "1-0"]
[WhiteElo "2158"]
[BlackElo "2010"]
[PlyCount "67"]
[EventDate "2013.10.05"]
[EventType "swiss"]
[EventRounds "9"]
[EventCountry "ESP"]
[SourceTitle "EXT 2024"]
[Source "ChessBase"]
[SourceDate "2023.10.10"]
[SourceVersion "1"]
[SourceVersionDate "2023.10.10"]
[SourceQuality "1"]

1. d4 Nf6 2. Nf3 d6 3. Nc3 Nbd7 4. e4 e5 5. Be2 c6 6. a4 a5 7. 0-0 Be7 8. h3 0-0 9. Be3 Qc7 10. Qd2 Re8 11. Rad1 Nf8 12. d5 Ng6 13. Qc1 Bd7 14. Rfe1 Nxe4 15. Nxe4 cxd5 16. Rxd5 Bc6 17. Nc3 Bxd5 18. Nxd5 Qc6 19. Rd1 Qxa4 20. Nc7 Rec8 21. Nxa8 Rxc2 22. Nb6 Qc6 23. Qb1 Rxe2 24. Nd5 Qb5 25. Nc3 Qxb2 26. Nxe2 Qxe2 27. Rd2 Qa6 28. Rb2 d5 29. Rb6 Qc4 30. Rxb7 f6 31. Qb5 Qxb5 32. Rxb5 d4 33. Bd2 Bf8 34. Bc1 1-0

[Event "Recife Arraes Memorial 5th"]
[Site "Recife"]
[Date "2012.09.06"]
[Round "1"]
[White "De Macedo, Luiz Soares"]
[Black "De Souza Haro, Paulo Cezar"]
[Result "0-1"]
[WhiteElo "1718"]
[BlackElo "2145"]
[PlyCount "92"]
[EventDate "2012.09.06"]
[EventType "swiss"]
[EventRounds "7"]
[EventCountry "BRA"]
[SourceTitle "EXT 2013"]
[Source "ChessBase"]
[SourceDate "2012.11.22"]
[SourceVersion "1"]
[SourceVersionDate "2012.11.22"]
[SourceQuality "1"]

1. e4 c5 2. Nf3 e6 3. d4 cxd4 4. Nxd4 a6 5. Nc3 Qc7 6. Be2 Bb4 7. Bd2 Nf6 8. Bf3 Nc6 9. Nxc6 dxc6 10. 0-0 Be7 11. Qe2 e5 12. h3 b5 13. Rad1 a5 14. Qe1 0-0 15. Ne2 Be6 16. b3 a4 17. Ng3 g6 18. Qe2 axb3 19. axb3 Ra2 20. c4 bxc4 21. bxc4 Rd8 22. Qe3 Bxc4 23. Be2 Bxe2 24. Nxe2 Nxe4 25. Bc1 Rxd1 26. Rxd1 Rxe2 27. Qxe2 Nc3 28. Qd3 Nxd1 29. Qxd1 Qd6 30. Qa4 Kg7 31. Be3 Qd5 32. Qa7 Bd6 33. g4 h6 34. Qa8 e4 35. h4 g5 36. hxg5 hxg5 37. Qb7 Qd1+ 38. Kg2 Qxg4+ 39. Kf1 Qd1+ 40. Kg2 Qd5 41. Qc8 c5 42. Qg4 Be7 43. Qc8 c4 44. Qc7 Bf6 45. Qc5 Qxc5 46. Bxc5 Kg6 0-1

[Event "BRA-ch Seniors"]
[Site "Joao Pessoa"]
[Date "2012.07.27"]
[Round "1"]
[White "De Souza Haro, Paulo Cezar"]
[Black "Monte, Edmar Ferreira"]
[Result "1-0"]
[WhiteElo "2145"]
[BlackElo "1710"]
[PlyCount "51"]
[EventDate "2012.07.27"]
[EventType "swiss"]
[EventRounds "6"]
[EventCountry "BRA"]
[SourceTitle "EXT 2014"]
[Source "ChessBase"]
[SourceDate "2013.11.20"]
[SourceVersion "1"]
[SourceVersionDate "2013.11.20"]
[SourceQuality "1"]

1. d4 Nf6 2. Nc3 g6 3. e4 d6 4. Nf3 Bg7 5. Be2 0-0 6. 0-0 c6 7. a4 a5 8. h3 Na6 9. Be3 Nb4 10. Qc1 Re8 11. Rd1 Qc7 12. d5 Bd7 13. Bf4 Nh5 14. Be3 Rac8 15. Bd4 cxd5 16. exd5 Nf6 17. Qd2 Bf5 18. Rac1 Qb8 19. Bb5 Bd7 20. Bxf6 Bxb5 21. Bxg7 Kxg7 22. Nxb5 Rc5 23. c4 Qc7 24. b3 Qd7 25. Re1 Rec8 26. Rcd1 1-0

[Event "Sao Paulo Braga op"]
[Site "Sao Paulo"]
[Date "2011.04.22"]
[Round "4"]
[White "De Souza Haro, Paulo Cezar"]
[Black "Chaves, Jorge Antonio Torre"]
[Result "1/2-1/2"]
[WhiteElo "2156"]
[BlackElo "2009"]
[PlyCount "71"]
[EventDate "2011.04.20"]
[EventType "swiss"]
[EventRounds "9"]
[EventCountry "BRA"]
[SourceTitle "CBM 141 Extra"]
[Source "ChessBase"]
[SourceDate "2011.05.03"]
[SourceVersion "1"]
[SourceVersionDate "2011.05.03"]
[SourceQuality "1"]

1. d4 Nf6 2. Nc3 d5 3. Bg5 Nbd7 4. e3 c6 5. f4 g6 6. Bd3 Bg7 7. Nf3 a6 8. b4 Ng4 9. Qd2 h5 10. h3 Nh6 11. 0-0 Nb6 12. Nh4 Nf5 13. Nxf5 Bxf5 14. Bh4 Qd7 15. a4 Nc8 16. Bf2 Nd6 17. a5 0-0 18. Na4 Rad8 19. Nc5 Qc8 20. Qe2 Bxd3 21. cxd3 Kh7 22. Rad1 Nb5 23. Rd2 Bf6 24. g4 hxg4 25. Qxg4 Qxg4+ 26. hxg4 Nd6 27. Rc1 e6 28. Bg3 Be7 29. Kg2 Rg8 30. Kf3 Kg7 31. e4 dxe4+ 32. dxe4 Nb5 33. Bf2 Bxc5 34. Rxc5 Rd7 35. d5 exd5 36. exd5 1/2-1/2

[Event "Sao Paulo Braga op"]
[Site "Sao Paulo"]
[Date "2011.04.21"]
[Round "3"]
[White "Perdomo, Leandro Daniel"]
[Black "De Souza Haro, Paulo Cezar"]
[Result "1-0"]
[WhiteElo "2382"]
[BlackElo "2156"]
[PlyCount "59"]
[EventDate "2011.04.20"]
[EventType "swiss"]
[EventRounds "9"]
[EventCountry "BRA"]
[SourceTitle "CBM 141 Extra"]
[Source "ChessBase"]
[SourceDate "2011.05.03"]
[SourceVersion "1"]
[SourceVersionDate "2011.05.03"]
[SourceQuality "1"]

1. d4 Nf6 2. c4 g6 3. Nc3 Bg7 4. e4 d6 5. f3 0-0 6. Be3 b6 7. Qd2 c5 8. Nge2 Nc6 9. d5 Ne5 10. Ng3 h5 11. Be2 h4 12. Nf1 h3 13. g3 a6 14. Bh6 b5 15. Bxg7 Kxg7 16. Ne3 bxc4 17. 0-0 Rb8 18. f4 Neg4 19. Nxg4 Nxg4 20. Bxg4 Bxg4 21. f5 f6 22. Rf4 gxf5 23. exf5 Bh5 24. Re1 Rh8 25. Ree4 Qd7 26. Qe3 Kf8 27. Rh4 Rxb2 28. g4 Kf7 29. Rxh3 Rg8 30. Rxh5 1-0

[Event "Joao Pessoa Fischer Memorial 2nd"]
[Site "Joao Pessoa"]
[Date "2010.01.24"]
[Round "5"]
[White "Cavalcanti, Francisco de Assis"]
[Black "De Souza Haro, Paulo Cezar"]
[Result "1-0"]
[WhiteElo "2293"]
[BlackElo "2186"]
[PlyCount "65"]
[EventDate "2010.01.22"]
[EventType "swiss"]
[EventRounds "6"]
[EventCountry "BRA"]
[SourceTitle "EXT 2011"]
[Source "ChessBase"]
[SourceDate "2010.11.26"]
[SourceVersion "1"]
[SourceVersionDate "2010.11.26"]
[SourceQuality "1"]

1. d4 Nc6 2. Nf3 d5 3. c4 Bg4 4. cxd5 Bxf3 5. dxc6 Bxc6 6. Nc3 e6 7. e4 Bb4 8. f3 a6 9. Be3 Ne7 10. Qb3 Ba5 11. 0-0-0 Bxc3 12. Qxc3 0-0 13. Kb1 Bb5 14. h4 Qd7 15. g4 Bxf1 16. Rhxf1 c6 17. h5 f6 18. h6 g5 19. f4 gxf4 20. Rxf4 Ng6 21. Rf2 e5 22. Qb3+ Qf7 23. d5 cxd5 24. exd5 Qd7 25. d6+ Kh8 26. Rfd2 Rac8 27. a3 Rc6 28. Qd5 Rd8 29. Qf3 Rf8 30. Qf5 Rf7 31. Bg5 Kg8 32. Bxf6 Qxf5+ 33. gxf5 1-0

[Event "Cuiaba op"]
[Site "Cuiaba"]
[Date "2007.10.05"]
[Round "2"]
[White "De Souza Haro, Paulo Cezar"]
[Black "Cubas, Jose Fernando"]
[Result "1-0"]
[WhiteElo "2182"]
[BlackElo "2448"]
[PlyCount "75"]
[EventDate "2007.10.04"]
[EventType "swiss"]
[EventRounds "6"]
[EventCountry "BRA"]
[SourceTitle "EXT 2008"]
[Source "ChessBase"]
[SourceDate "2007.11.25"]
[SourceVersion "1"]
[SourceVersionDate "2007.11.25"]
[SourceQuality "1"]

1. d4 d5 2. Nf3 Bg4 3. Ne5 Bf5 4. c4 f6 5. Nf3 c6 6. Nc3 e6 7. Bf4 Nd7 8. e3 Bb4 9. Bd3 Qa5 10. Bxf5 Bxc3+ 11. bxc3 Qxc3+ 12. Nd2 exf5 13. cxd5 cxd5 14. 0-0 Ne7 15. Rc1 Qa5 16. Nb3 Qa6 17. Qh5+ g6 18. Qh6 Kf7 19. Rc7 Rad8 20. Rfc1 Qxa2 21. Rxb7 Rc8 22. Rxc8 Rxc8 23. Qxh7+ Ke6 24. h4 Qa6 25. Rxd7 Kxd7 26. Nc5+ Rxc5 27. dxc5 Qe6 28. Bd6 f4 29. exf4 a5 30. Bxe7 Qxe7 31. c6+ Kd6 32. Qxe7+ Kxe7 33. c7 Kd7 34. f5 gxf5 35. h5 a4 36. h6 a3 37. h7 a2 38. h8Q 1-0

[Event "Vitoria op 1st"]
[Site "Vitoria"]
[Date "2006.09.09"]
[Round "6"]
[White "Abreu, Guilherme Correa"]
[Black "De Souza Haro, Paulo Cezar"]
[Result "0-1"]
[WhiteElo "2065"]
[BlackElo "2146"]
[PlyCount "60"]
[EventDate "2006.09.07"]
[EventType "swiss"]
[EventRounds "7"]
[EventCountry "BRA"]
[SourceTitle "CBM 114 Extra"]
[Source "ChessBase"]
[SourceDate "2006.11.03"]
[SourceVersion "1"]
[SourceVersionDate "2006.11.03"]
[SourceQuality "1"]

1. d4 Nc6 2. c4 e5 3. d5 Nce7 4. e4 Ng6 5. a3 Nf6 6. Nc3 Bc5 7. Be2 d6 8. Nf3 a5 9. 0-0 Bd7 10. Ne1 0-0 11. Nc2 Re8 12. Be3 Bxe3 13. Nxe3 a4 14. Qd2 Rf8 15. Bd1 Kh8 16. Bc2 Qe8 17. Rae1 Nf4 18. Kh1 Ng4 19. g3 Nxe3 20. Qxe3 Ng6 21. f4 f6 22. Bd1 Ne7 23. h4 f5 24. fxe5 dxe5 25. exf5 Nxf5 26. Qd3 Qg6 27. Rg1 Nxh4 28. Qe3 Nf5 29. Qd3 Qh6+ 30. Kg2 Ne3+ 0-1

[Event "Paulista-ch"]
[Site "Americana"]
[Date "2006.06.??"]
[Round "3"]
[White "Bittencourt, Jorge Humberto M"]
[Black "De Souza Haro, Paulo Cezar"]
[Result "1-0"]
[WhiteElo "2395"]
[BlackElo "2198"]
[PlyCount "131"]
[EventDate "2006.06.22"]
[EventType "swiss"]
[EventRounds "7"]
[EventCountry "BRA"]
[SourceTitle "EXT 2022"]
[Source "ChessBase"]
[SourceDate "2021.10.06"]
[SourceVersion "1"]
[SourceVersionDate "2021.10.06"]
[SourceQuality "1"]

1. e4 Nc6 2. Nf3 d6 3. d4 Nf6 4. Nc3 Bg4 5. Be3 e6 6. d5 exd5 7. exd5 Nb8 8. Be2 Bxf3 9. Bxf3 Nbd7 10. g4 Ne5 11. Be2 Nfd7 12. f4 Ng6 13. Qd2 Be7 14. 0-0-0 h6 15. Ne4 a6 16. Ng3 0-0 17. Nf5 Re8 18. h4 Bf8 19. Bf3 Ne7 20. Nxe7+ Qxe7 21. Rde1 Qf6 22. g5 Qf5 23. gxh6 Nb6 24. hxg7 Bxg7 25. Reg1 Kf8 26. Bd4 Bh6 27. Rg5 Bxg5 28. hxg5 Nc4 29. Rh8+ Ke7 30. Qe2+ Ne5 31. Rxe8+ Rxe8 32. Qe3 Kd8 33. fxe5 dxe5 34. Bc3 Kc8 35. Be4 Qf4 36. Bd2 Kb8 37. Qxf4 exf4 38. Bf3 Re5 39. d6 cxd6 40. Bxf4 Rf5 41. Bxd6+ Ka7 42. Bh5 Rxg5 43. Be2 f5 44. Kd2 Rg7 45. Bd3 Rf7 46. Ke3 Rd7 47. Be5 b5 48. Bxf5 Re7 49. Kd4 Kb6 50. Kd5 Re8 51. Bd4+ Kb7 52. Kc5 Re1 53. Bd3 Re8 54. Kb4 Re1 55. Ka5 Re6 56. a4 bxa4 57. Kxa4 Rd6 58. Bc5 Re6 59. Ka5 Rh6 60. b4 Re6 61. Bc4 Rh6 62. Bd5+ Kc7 63. c4 Rg6 64. Bd4 Rh6 65. Be5+ Kd7 66. Bb8 1-0